书目信息 |
| 题名: |
展示照明设计
|
|
| 作者: | 张威 , 李江 , 于峰 编著 | |
| 分册: | ||
| 出版信息: | 北京 中国传媒大学出版社 2012.10 |
|
| 页数: | 152页 | |
| 开本: | 26cm | |
| 丛书名: | ||
| 单 册: | ||
| 中图分类: | G265 | |
| 科图分类: | ||
| 主题词: | 陈列设计--照明设计--高等学校--教材 , 陈列设计 , 照明设计 | |
| 电子资源: | ||
| ISBN: | 978-7-5657-0510-6 | |
| 000 | 00998nam0 2200301 450 | |
| 001 | 010050021973 | |
| 005 | 20140611154333.84 | |
| 010 | @a978-7-5657-0510-6@dCNY48.00 | |
| 100 | @a20130115d2012 em y0chiy50 ea | |
| 101 | 0 | @achi |
| 102 | @aCN@b110000 | |
| 105 | @aa z 000yy | |
| 106 | @ar | |
| 200 | 1 | @a展示照明设计@9zhan shi zhao ming she ji@dExhibition lighting design@f张威,李江,于峰编著@zeng |
| 210 | @a北京@c中国传媒大学出版社@d2012.10 | |
| 215 | @a152页@c图@d26cm | |
| 300 | @a艺术设计专业“十二五”规划教材 | |
| 330 | @a本书共分为八章,主要内容包括:展示照明设计概述;照明设计基本知识;天然采光;人工照明;展示照明设计程序等。 | |
| 510 | 1 | @aExhibition lighting design@zeng |
| 606 | 0 | @a陈列设计@x照明设计@x高等学校@j教材 |
| 606 | 0 | @a陈列设计 |
| 606 | 0 | @a照明设计 |
| 690 | @aG265@v5 | |
| 701 | 0 | @a张威@9zhang wei@4编著 |
| 701 | 0 | @a李江@9li jiang@4编著 |
| 701 | 0 | @a于峰@9yu feng@4编著 |
| 801 | 0 | @aCN@b人天书店@c20130115 |
| 905 | @b549103-05@dG265@e10@f3 | |
| 展示照明设计=Exhibition lighting design/张威,李江,于峰编著.-北京:中国传媒大学出版社,2012.10 |
| 152页:图;26cm |
| 艺术设计专业“十二五”规划教材 |
| ISBN 978-7-5657-0510-6:CNY48.00 |
| 本书共分为八章,主要内容包括:展示照明设计概述;照明设计基本知识;天然采光;人工照明;展示照明设计程序等。 |
| ● |
| 相关链接 |
|
|
|
|
正题名:展示照明设计
索取号:G265/10
 
预约/预借
| 序号 | 登录号 | 条形码 | 馆藏地/架位号 | 状态 | 备注 |
| 1 | 549103 | 205491038 | 第一样本阅览室/ [索取号:G265/10] | 在馆 | |
| 2 | 549104 | 205491047 | 第四借阅区/ [索取号:G265/10] | 在馆 | |
| 3 | 549105 | 205491056 | 密集书库-资源管理系/ [索取号:G265/10] | 在馆 |